Statistics for Language quiz

Click here to take the quiz!

General Stats

  • This quiz has been taken 288 times
  • The average score is 13 of 20

Answer Stats

QuestionAnswer% Correct
French
90%
Name the four national languages of Switzerland.German
89%
Chinese
86%
Which European country is known in its own language as Suomi?Finland
86%
English
84%
Italian
84%
English, French and Chinese are three of the six official languages of the United Nations. Name the other three.Spanish
84%
In what country is Tagalog mainly spoken?Philippines
80%
Arabic
74%
Name the official language of Andorra.Catalan
74%
Name the four official languages of Singapore.Malay
74%
Russian
74%
Romansh
65%
What letter in English (a consonant) has a sound that may be described as a “voiced labiodental fricative”?V
58%
Brazil is the only South American country with Portuguese as an official language. Name the only African country with Spanish as an official language.Equatorial Guinea
52%
Tamil
48%
Maltese, Hebrew and Arabic belong to which branch of the Afro-Asiatic language family?Semitic
47%
What language has the two-letter ISO 639-1 code sq?Albanian
24%
In Spanish, the word tres means the number 3 (three). However the same word tres refers to a different number in Danish. What number?60 (sixty)
14%
What adjective is used to describe a writing system such as Chinese in which words are represented by whole characters rather than alphabetically?Logographic
11%

Score Distribution

Percentile by Number Answered

Percent of People with Each Score

Your Score History

You have not taken this quiz